Zamestnanci a BOZP

Princíp rovnakého zaobchádzania, zákaz diskriminácie zamestnancov. Riziká pracovného prostredia, mimoriadne závažnými sa stávajú psychosociálne riziká.

Saved in:
Bibliographic Details
Main Author: Šukalová, Viera
Format: Book Chapter
Language:Slovak
Subjects:
Tags: Add Tag
No Tags, Be the first to tag this record!

MARC

LEADER 00000naa a2200000 4500
001 0228250
005 20170314101503.7
041 0 |a slo 
044 |a SK 
245 1 0 |a Zamestnanci a BOZP  |c Viera Šukalová 
520 |a Princíp rovnakého zaobchádzania, zákaz diskriminácie zamestnancov. Riziká pracovného prostredia, mimoriadne závažnými sa stávajú psychosociálne riziká. 
610 2 0 |a zamestnanci 
610 2 0 |a prostredie pracovné 
610 2 0 |a zručnosti 
610 2 0 |a rizikovosť práce 
610 2 0 |a bezpečnosť práce 
100 1 |a Šukalová, Viera